| 000 | 00761cam a2200241 a 4500 | ||
|---|---|---|---|
| 001 | 3316372 | ||
| 003 | ARRUPE | ||
| 005 | 20130925165953.0 | ||
| 008 | 841210s1985 nyu 000 0 eng | ||
| 010 | _a 84062886 | ||
| 020 |
_a080912713X (pbk.) : _c$2.50 |
||
| 040 |
_aDLC _cDLC _dDLC |
||
| 050 | 0 | 0 |
_aBV4527 _b.H45 1985 |
| 100 | 1 |
_aHellwig, Monika. _91291 |
|
| 245 | 1 | 0 |
_aChristian women in a troubled world / _cMonika K. Hellwig. |
| 260 |
_aNew York : _bPaulist Press, _cc1985. |
||
| 300 |
_a57 p. ; _c18 cm. |
||
| 440 | 0 |
_aMadeleva lecture in spirituality ; _v1985 _91292 |
|
| 650 | 0 |
_aChristian women _xReligious life. _91293 |
|
| 650 | 0 |
_aWomen in Christianity. _91294 |
|
| 906 |
_a7 _bcbc _corignew _d2 _eopcn _f19 _gy-gencatlg |
||
| 942 |
_2lcc _cMONOGRAPH |
||
| 999 |
_c118053 _d118053 |
||